Štátny účelové fondy v období transformácie financovania klímy diplomová práca

Saved in:
Bibliographic Details
Main Author: Tučeková, Dominika
Corporate Author: Národohospodárska fakulta EU. Katedra financií
Other Authors: Beličková, Kornélia, 1966-
Format: Book
Language:Slovak
Published: Bratislava 2024
Tags: Add Tag
No Tags, Be the first to tag this record!

MARC

LEADER 00000nbm a2200000 4500
001 0300686
005 20241031134348.6
041 0 |a slo 
044 |a SK 
245 1 0 |a Štátny účelové fondy v období transformácie financovania klímy  |b diplomová práca  |c Dominika Tučeková ; školiteľ: Kornélia Beličková 
264 1 |a Bratislava  |c 2024 
300 |a 64 s. 
100 1 |a Tučeková, Dominika 
700 1 |a Beličková, Kornélia, 1966- 
710 2 |a Národohospodárska fakulta EU. Katedra financií